Diccionari ortográfic (Record no. 56216)

MARC details
000 -LEADER
campo de control de longitud fija 00782nam a2200205 i 4500
001 - NÚMERO DE CONTROL
campo de control 56216
003 - IDENTIFICADOR DE NÚMERO DE CONTROL
campo de control ES-MaACL
007 - CAMPO FIJO DE DESCRIPCIÓN FÍSICA--INFORMACIÓN GENERAL
campo de control de longitud fija t|
008 - DATOS DE LONGITUD FIJA--INFORMACIÓN GENERAL
campo de control de longitud fija 031006s1917 sp ||||1| cat d
245 00 - MENCIÓN DEL TÍTULO
Título Diccionari ortográfic
Resto del título : precedit d'una exposició de l'ortografia catalana segons el sistema e l'I.D'E.C. /
Mención de responsabilidad, etc. redactat sota la direcció de P. Fabra.
260 ## - PUBLICACIÓN, DISTRIBUCIÓN, ETC.
Lugar de publicación, distribución, etc. Barcelona :
Nombre del editor, distribuidor, etc. Institut d'Estudis Catalans,
Fecha de publicación, distribución, etc. 1917.
300 ## - DESCRIPCIÓN FÍSICA
Extensión 447 p. ;
Dimensiones 23 cm.
490 1# - MENCIÓN DE SERIE
Mención de serie Publicacions de l'Institut de la Llengua Catalana
500 ## - NOTA GENERAL
Nota general Incluye índice de nombres geográficos.
700 1# - ENTRADA AGREGADA--NOMBRE PERSONAL
Nombre de persona Fabra, Pompeu.
9 (RLIN) 48525
710 2# - ENTRADA AGREGADA--NOMBRE DE ENTIDAD CORPORATIVA
Nombre de entidad corporativa o nombre de jurisdicción como elemento de entrada Institut d'Estudis Catalans.
9 (RLIN) 4743
830 0# - PUNTO DE ACCESO ADICIONAL DE SERIE-TÍTULO UNIFORME
Título uniforme Publicacions de l'Institut de la Llengua Catalana
9 (RLIN) 230376
852 ## - LOCALIZACIÓN
Ubicación ES-MaACL
Número de control de estantería G-4989
Holdings
Estatus retirado Estado de pérdida Estado de daño No para préstamo Biblioteca de origen Biblioteca actual Ubicación en estantería Fecha de adquisición Fuente de adquisición Total de préstamos Signatura topográfica completa Código de barras Visto por última vez Precio de reemplazo Tipo de ítem Koha
        Biblioteca del Ateneo de Madrid Biblioteca del Ateneo de Madrid Depósito 2 17/01/2008     G-4989 1059047 23/02/2023 23/02/2023 Libro impreso